Quimcom: química en la comunidad

Uloženo v:
Podrobná bibliografie
Korporativní autor: American Chemical Society (Autor)
Médium: Kniha
Jazyk:španělština
Vydáno: Buenos Aires Addison-Wesley Longman 1998
Vydání:2a. ed
Témata:
Tagy: Přidat tag
Žádné tagy, Buďte první, kdo vytvoří štítek k tomuto záznamu!

MARC

LEADER 00000nam a2200000 a 4500
001 UCP5359
003 CL-VaPUC
008 990910e19980000AG |||||||||||||||||spa|d
082 0 4 |a 540  |b AME  |2 21 
110 2 |a American Chemical Society  |e author  |9 433712 
245 1 0 |a Quimcom: química en la comunidad 
250 |a 2a. ed 
300 |a 571 p 
942 |c BK 
945 |d 19990910 00:00:00  |a vberengu 
260 |a Buenos Aires  |b Addison-Wesley Longman  |c 1998 
650 0 |a Aire  |9 261540 
650 0 |a Alimentos  |9 256203 
650 0 |a Atmósfera  |9 261875 
650 0 |a Clima  |9 265281 
650 0 |a Contaminación del agua  |9 261423 
650 7 |a CONSERVACION DE LOS RECURSOS  |2 CL-VaPUC  |9 335403 
650 7 |a NECESIDAD DE AGUA  |2 CL-VaPUC  |9 321221 
650 0 |a Purificación del agua   |9 324890 
650 0 |a Química  |9 259896 
650 0 |a Química industrial  |9 355322 
650 7 |a QUIMICA NUCLEAR  |2 CL-VaPUC  |9 433713 
650 0 |a Salud  |9 258663 
583 |a last modification  |c 20171031 11:00:22  |k Rodrigo Vera 
999 |c 283124  |d 283122 
952 |0 0  |1 0  |4 0  |6 540_000000000000000_AME_1998  |7 0  |8 A  |9 325933  |a BIBCUR  |b BIBCUR  |d 2019-11-20  |i 3652718  |o 540 AME 1998  |p 3652718  |r 2025-04-22  |w 2019-11-20  |y BK  |k QUI 
952 |0 0  |1 0  |4 0  |6 540_000000000000000_AME_1998  |7 0  |8 A  |9 325934  |a BIBCUR  |b BIBCUR  |d 2019-11-20  |i 3652734  |o 540 AME 1998  |p 3652734  |r 2025-04-22  |w 2019-11-20  |y BK  |k QUI 
952 |0 0  |1 0  |4 0  |6 540_000000000000000_AME_1998  |7 0  |8 A  |9 325935  |a BIBCUR  |b BIBCUR  |d 2019-11-20  |i 3652742  |o 540 AME 1998  |p 3652742  |r 2025-04-22  |w 2019-11-20  |y BK  |k QUI 
952 |0 0  |1 0  |4 0  |6 540_000000000000000_AME_1998  |7 0  |8 A  |9 325936  |a BIBCUR  |b BIBCUR  |d 2019-11-20  |i 3652750  |o 540 AME 1998  |p 3652750  |r 2025-04-22  |w 2019-11-20  |y BK  |k QUI 
952 |0 0  |1 0  |4 0  |6 540_000000000000000_AME_1998  |7 0  |8 A  |9 325937  |a BIBCUR  |b BIBCUR  |d 2019-11-20  |i 3680185  |o 540 AME 1998  |p 3680185  |r 2025-04-22  |w 2019-11-20  |y BK  |k BAC